| 000 | 01120nam a2200241 a 4500 | ||
|---|---|---|---|
| 001 | 16140 | ||
| 003 | CO-ViMGA | ||
| 008 | 141112s2004 ck r 000 u spa d | ||
| 020 | _a8430604464 | ||
| 040 |
_aCO-ViMGA _bspa _cCO-ViMGA |
||
| 082 | 0 | 4 | _a658.84 T167c |
| 100 | 1 |
_aTapscott, Don; Ticoll, David; Lowy, Alex _923081 |
|
| 245 | 1 | 0 | _aCapital Digital |
| 260 |
_aMadríd (España) : _bTaurus, _c2001 |
||
| 300 | _a343.p. | ||
| 505 | _aLa innovación del valor a traves de las redes de negocios Los nuevos modelos de creación de riqueza : Las ágoras Las agregaciones Las cadenas de valor Las alianzas Las redes distributivas Las personas : El capital humano de la red de negocios El Marketing : El capital de relación en la Web ¿Cómo se teje una red de negocios? La cosecha del capital digital | ||
| 590 | _aForma de adquisición : Premio.Mincultura | ||
| 650 | 1 | 4 |
_aADMINISTRACION DE SISTEMAS DE INFORMACION _91913 |
| 650 | 1 | 4 | _aCAMBIO ORGANIZACIONAL |
| 650 | 1 | 4 |
_aCOMERCIO ELECTRONICO - ASPECTOS ECONOMICOS _923082 |
| 650 | 1 | 4 |
_aINTERNET - RED DE COMPUTADORES - ASPECTOS ECONOMICOS _923083 |
| 942 |
_2ddc _cBK |
||
| 999 |
_c26065 _d26065 |
||